[Event "Guillermo Garcia Memorial-D"]
[Site "Santa Clara"]
[Date "2024.05.19"]
[Round "7"]
[White "Hidalgo Dibut, Alejandro"]
[Black "Borges Rodriguez, Javier"]
[Result "1-0"]
[WhiteElo "1964"]
[BlackElo "1947"]
[PlyCount "102"]
[EventDate "2024.05.14"]
[EventType "swiss"]
[EventRounds "9"]
[EventCountry "CUB"]
[SourceTitle "CBM 220 Extra"]
[Source "ChessBase"]
[SourceDate "2024.07.31"]
[SourceVersion "1"]
[SourceVersionDate "2024.07.31"]
[SourceQuality "1"]

1. e4 c5 2. Nf3 Nc6 3. d4 cxd4 4. Nxd4 g6 5. Nc3 Bg7 6. Be3 Nf6 7. Nxc6 bxc6 8. e5 Nd5 9. Nxd5 cxd5 10. Qxd5 Rb8 11. Bc4 0-0 12. 0-0 Bb7 13. Qd3 Bxe5 14. Bxa7 Rc8 15. f4 Qa5 16. Bd4 Rxc4 17. Bxe5 Qc5+ 18. Rf2 Be4 19. Qxd7 Bf5 20. Qd2 Rxc2 21. Qd4 Qc6 22. Rxc2 Qxc2 23. Qf2 Rc8 24. Bc3 Ra8 25. Re1 Qxf2+ 26. Kxf2 Be6 27. a3 Ra7 28. Re5 Kf8 29. Rc5 Ke8 30. h4 h5 31. Ke3 Kd7 32. Kd4 Ra4+ 33. Bb4 Ra7 34. Kc3 Rc7 35. Rxc7+ Kxc7 36. Bxe7 Kb6 37. Kb4 Ka6 38. g3 Bd5 39. b3 Be6 40. a4 Bg4 41. Ka3 Be2 42. b4 Kb6 43. b5 Bd3 44. Kb4 Bf5 45. a5+ Ka7 46. a6 Be4 47. Ka5 f5 48. b6+ Ka8 49. b7+ Bxb7 50. axb7+ Kxb7 51. Kb5 Kc7 1-0

[Event "Guillermo Garcia Memorial-D"]
[Site "Santa Clara"]
[Date "2024.05.18"]
[Round "6"]
[White "Borges Rodriguez, Javier"]
[Black "Rayo Tzeek, Matias"]
[Result "1-0"]
[WhiteElo "1947"]
[BlackElo "1478"]
[PlyCount "69"]
[EventDate "2024.05.14"]
[EventType "swiss"]
[EventRounds "9"]
[EventCountry "CUB"]
[SourceTitle "CBM 220 Extra"]
[Source "ChessBase"]
[SourceDate "2024.07.31"]
[SourceVersion "1"]
[SourceVersionDate "2024.07.31"]
[SourceQuality "1"]

1. Nf3 d5 2. d4 Nf6 3. c4 c6 4. Nc3 dxc4 5. a4 e6 6. e3 Be7 7. Bxc4 Nbd7 8. 0-0 0-0 9. Qe2 Qc7 10. e4 b6 11. Bg5 h6 12. Bh4 Bb7 13. e5 g5 14. exf6 Nxf6 15. Bg3 Qd7 16. Rad1 Rad8 17. Rfe1 Rfe8 18. Ne5 Qc8 19. Nxf7 Bb4 20. Nxd8 Qxd8 21. h4 Nd5 22. Bxd5 cxd5 23. Qg4 Qf6 24. Re3 Bf8 25. Rde1 Bc8 26. Rf3 Qg6 27. Be5 Bg7 28. hxg5 hxg5 29. Bxg7 e5 30. Qg3 e4 31. Rf6 Qxg7 32. Qd6 Kh7 33. Nxd5 Bg4 34. Ne3 Bh5 35. Rc1 1-0

[Event "Guillermo Garcia Memorial-D"]
[Site "Santa Clara"]
[Date "2024.05.16"]
[Round "3"]
[White "Borges Rodriguez, Javier"]
[Black "Roman Baso, Dorian Sadek"]
[Result "1-0"]
[WhiteElo "1947"]
[BlackElo "1828"]
[PlyCount "35"]
[EventDate "2024.05.14"]
[EventType "swiss"]
[EventRounds "9"]
[EventCountry "CUB"]
[SourceTitle "CBM 220 Extra"]
[Source "ChessBase"]
[SourceDate "2024.07.31"]
[SourceVersion "1"]
[SourceVersionDate "2024.07.31"]
[SourceQuality "1"]

1. Nf3 e6 2. c4 Nf6 3. d4 d5 4. g3 c5 5. cxd5 Nxd5 6. Bg2 Nc6 7. 0-0 Be7 8. Nc3 cxd4 9. Nxd5 Qxd5 10. Nxd4 Qc5 11. Nxc6 bxc6 12. Qa4 Bd7 13. Be3 Qd6 14. Rfd1 Qc7 15. Rac1 c5 16. Rxd7 Qxd7 17. Bc6 Rd8 18. Rd1 1-0

[Event "Guillermo Garcia Memorial-D"]
[Site "Santa Clara"]
[Date "2024.05.15"]
[Round "2"]
[White "Salazar Reyes, Diego"]
[Black "Borges Rodriguez, Javier"]
[Result "1-0"]
[WhiteElo "1771"]
[BlackElo "1947"]
[PlyCount "51"]
[EventDate "2024.05.14"]
[EventType "swiss"]
[EventRounds "9"]
[EventCountry "CUB"]
[SourceTitle "CBM 220 Extra"]
[Source "ChessBase"]
[SourceDate "2024.07.31"]
[SourceVersion "1"]
[SourceVersionDate "2024.07.31"]
[SourceQuality "1"]

1. e4 c5 2. Nf3 d6 3. d4 cxd4 4. Nxd4 Nf6 5. Nc3 a6 6. Bc4 e6 7. Bb3 Qc7 8. Bg5 Be7 9. Qf3 Nc6 10. Be3 Bd7 11. 0-0 b5 12. a3 0-0 13. Qg3 Ne5 14. Rad1 Kh8 15. h3 Nc4 16. Bxc4 Qxc4 17. f4 Bc6 18. e5 Ne4 19. Nxe4 Bxe4 20. f5 dxe5 21. Qxe5 Qd5 22. Qg3 Bd6 23. Qg4 exf5 24. Rxf5 Bxf5 25. Nxf5 Qe5 26. Rxd6 1-0

[Event "Guillermo Garcia Memorial-D"]
[Site "Santa Clara"]
[Date "2024.05.14"]
[Round "1"]
[White "Borges Rodriguez, Javier"]
[Black "Lavigne Lopez, Raul Leonardo"]
[Result "0-1"]
[WhiteElo "1947"]
[BlackElo "2171"]
[PlyCount "64"]
[EventDate "2024.05.14"]
[EventType "swiss"]
[EventRounds "9"]
[EventCountry "CUB"]
[SourceTitle "CBM 220 Extra"]
[Source "ChessBase"]
[SourceDate "2024.07.31"]
[SourceVersion "1"]
[SourceVersionDate "2024.07.31"]
[SourceQuality "1"]

1. Nf3 e6 2. c4 Nf6 3. g3 d5 4. Bg2 Be7 5. 0-0 0-0 6. d4 dxc4 7. Ne5 Qd6 8. Nxc4 Qa6 9. Qc2 Rd8 10. e3 Nbd7 11. b3 Rb8 12. Nc3 b5 13. Nd2 Bb7 14. Nce4 Rbc8 15. Bb2 c5 16. Qb1 Bd5 17. dxc5 Nxe4 18. Bxe4 Bxe4 19. Nxe4 Nxc5 20. Nxc5 Rxc5 21. Rd1 Rcd5 22. Rxd5 Rxd5 23. Qc2 Qd6 24. Rc1 h5 25. Qe4 f5 26. Rc8+ Bd8 27. Qf3 h4 28. Kg2 Qd7 29. Ra8 e5 30. Rb8 f4 31. gxh4 fxe3 32. Qxe3 Rd3 0-1

[Event "Guillermo Garcia Memorial op 26th"]
[Site "Santa Clara"]
[Date "2017.05.20"]
[Round "5"]
[White "Borges Rodriguez, Javier"]
[Black "Obregon Garcia, Roxangel"]
[Result "1/2-1/2"]
[WhiteElo "1912"]
[BlackElo "2185"]
[PlyCount "31"]
[EventDate "2017.05.16"]
[EventType "swiss"]
[EventRounds "9"]
[EventCountry "CUB"]
[SourceTitle "CBM 178 Extra"]
[Source "ChessBase"]
[SourceDate "2017.06.22"]
[SourceVersion "1"]
[SourceVersionDate "2017.06.22"]
[SourceQuality "1"]

1. Nf3 d5 2. d4 Nf6 3. g3 e6 4. Bg2 Bd6 5. 0-0 Nbd7 6. Nbd2 0-0 7. c4 c6 8. b3 e5 9. dxe5 Nxe5 10. cxd5 cxd5 11. Bb2 Re8 12. Nxe5 Bxe5 13. Bxe5 Rxe5 14. Nf3 Re7 15. Nd4 Ne4 16. Qd3 1/2-1/2

[Event "Guillermo Garcia Memorial op 26th"]
[Site "Santa Clara"]
[Date "2017.05.18"]
[Round "3"]
[White "Borges Rodriguez, Javier"]
[Black "Fuentes Dominguez, Felix"]
[Result "1/2-1/2"]
[WhiteElo "1912"]
[BlackElo "2301"]
[PlyCount "41"]
[EventDate "2017.05.16"]
[EventType "swiss"]
[EventRounds "9"]
[EventCountry "CUB"]
[SourceTitle "CBM 178 Extra"]
[Source "ChessBase"]
[SourceDate "2017.06.22"]
[SourceVersion "1"]
[SourceVersionDate "2017.06.22"]
[SourceQuality "1"]

1. e4 e5 2. Nf3 Nc6 3. Bb5 a6 4. Bxc6 dxc6 5. 0-0 Bd6 6. d3 Ne7 7. Nbd2 0-0 8. Nc4 Ng6 9. a4 b6 10. b3 Bc5 11. Bb2 f6 12. Ne3 Nf4 13. g3 Ne6 14. Nh4 g6 15. Nhg2 Nd4 16. f4 Bb7 17. Rf2 Qd7 18. Qd2 Rae8 19. Raf1 f5 20. exf5 exf4 21. Nxf4 1/2-1/2

[Event "Guillermo Garcia Memorial op 26th"]
[Site "Santa Clara"]
[Date "2017.05.16"]
[Round "1"]
[White "Borges Rodriguez, Javier"]
[Black "Forgas Moreno, Yaniela"]
[Result "1-0"]
[WhiteElo "1912"]
[BlackElo "2238"]
[PlyCount "75"]
[EventDate "2017.05.16"]
[EventType "swiss"]
[EventRounds "9"]
[EventCountry "CUB"]
[SourceTitle "CBM 178 Extra"]
[Source "ChessBase"]
[SourceDate "2017.06.22"]
[SourceVersion "1"]
[SourceVersionDate "2017.06.22"]
[SourceQuality "1"]

1. d4 Nf6 2. c4 d6 3. Nf3 Nbd7 4. Bf4 g6 5. h3 Bg7 6. Nc3 0-0 7. e3 b6 8. Be2 Bb7 9. 0-0 Re8 10. Qc2 e5 11. Bh2 exd4 12. Nxd4 Ne4 13. Bf3 Ndc5 14. Nxe4 Nxe4 15. Rad1 Qe7 16. Ne2 a5 17. Nf4 Qf6 18. b3 a4 19. b4 a3 20. Nd5 Bxd5 21. Rxd5 Qe6 22. Rd3 Ra7 23. Rb3 Bb2 24. Rd1 h6 25. Kf1 Kh7 26. Kg1 f5 27. Bxe4 fxe4 28. Rd5 Rf8 29. Qd2 Rf5 30. Bg3 b5 31. Rxb5 Rxb5 32. cxb5 Rb7 33. Qc2 Qd5 34. Qc6 Qxc6 35. bxc6 Ra7 36. b5 Be5 37. Bxe5 dxe5 38. b6 1-0

[Event "Capablanca Memorial op-B 48th"]
[Site "Havana"]
[Date "2013.04.30"]
[Round "9"]
[White "Rodriguez Hernandez, Luis Daniel"]
[Black "Borges Rodriguez, Javier"]
[Result "1-0"]
[WhiteElo "2117"]
[BlackElo "1983"]
[PlyCount "107"]
[EventDate "2013.04.21"]
[EventType "swiss"]
[EventRounds "9"]
[EventCountry "CUB"]
[SourceTitle "CBM 154 Extra"]
[Source "ChessBase"]
[SourceDate "2013.06.25"]
[SourceVersion "2"]
[SourceVersionDate "2013.06.25"]
[SourceQuality "1"]

1. e4 c5 2. Nf3 d6 3. d4 cxd4 4. Qxd4 Nc6 5. Bb5 Bd7 6. Bxc6 Bxc6 7. Nc3 Nf6 8. Bg5 e6 9. 0-0 Be7 10. Rad1 0-0 11. Rfe1 Qc7 12. e5 dxe5 13. Nxe5 Rfd8 14. Qe3 a6 15. Bh6 Rxd1 16. Rxd1 Rd8 17. Re1 Bf8 18. Bg5 Be7 19. h4 Nd5 20. Nxd5 Bxd5 21. c4 Bxg5 22. hxg5 Bc6 23. Qf4 Be8 24. Re3 Qd6 25. Rd3 Qe7 26. Rh3 Qd6 27. Qe4 g6 28. Ng4 Bc6 29. Nf6+ Kf8 30. Qh4 Qd1+ 31. Kh2 Qd6+ 32. Rg3 Qd4 33. Rg4 Qe5+ 34. Rg3 Qd4 35. Qxh7 Qxf2 36. Ng4 Qf4 37. Qh8+ Ke7 38. Qf6+ Qxf6 39. gxf6+ Kd6 40. Rd3+ Kc7 41. Rxd8 Kxd8 42. Ne5 Be8 43. b4 Kc7 44. c5 b6 45. Kg3 bxc5 46. bxc5 a5 47. Kf4 a4 48. a3 Kb7 49. Kg5 Ka6 50. Kh6 Kb5 51. Kg7 Kxc5 52. Kf8 Bb5 53. Kxf7 Kd5 54. Ke7 1-0

[Event "Capablanca Memorial op-B 48th"]
[Site "Havana"]
[Date "2013.04.28"]
[Round "7"]
[White "Gonzalez Ramos, Eduardo"]
[Black "Borges Rodriguez, Javier"]
[Result "0-1"]
[WhiteElo "2048"]
[BlackElo "1983"]
[PlyCount "150"]
[EventDate "2013.04.21"]
[EventType "swiss"]
[EventRounds "9"]
[EventCountry "CUB"]
[SourceTitle "CBM 154 Extra"]
[Source "ChessBase"]
[SourceDate "2013.06.25"]
[SourceVersion "2"]
[SourceVersionDate "2013.06.25"]
[SourceQuality "1"]

1. e4 c5 2. Nf3 d6 3. c3 Nf6 4. Be2 e6 5. 0-0 Be7 6. Re1 0-0 7. Bf1 Nc6 8. d4 cxd4 9. cxd4 d5 10. e5 Nd7 11. Nc3 a6 12. Bd3 Re8 13. a3 b5 14. Be2 Nf8 15. b4 Bb7 16. Bd3 Rc8 17. Bd2 Qb6 18. h4 Qd8 19. Ng5 g6 20. g3 Rc7 21. Nf3 Qc8 22. Rc1 Nb8 23. Bb1 Nbd7 24. Bh6 Nb6 25. Nh2 Nc4 26. Na2 Nd7 27. h5 Bf8 28. Ng4 Qd8 29. Qf3 Qe7 30. Bf4 Rec8 31. Nh6+ Bxh6 32. Bxh6 Ncb6 33. Rxc7 Rxc7 34. Qf4 Rc8 35. Bg5 Qf8 36. Re3 Nc4 37. Rf3 Ncb6 38. Qh4 Qg7 39. g4 h6 40. Bf6 Nxf6 41. exf6 g5 42. Qg3 Qf8 43. Qe5 Nd7 44. Qe2 Qd6 45. Qd3 Nf8 46. Re3 Qf4 47. f3 Qxf6 48. Re2 Rc4 49. Rd2 Qf4 50. Kg2 Bc8 51. Nc3 Qc7 52. Ne2 f5 53. Ng3 Rc3 54. Qf1 fxg4 55. Rd3 Rxd3 56. Qxd3 Qf4 57. fxg4 Qxg4 58. Qe3 Kf7 59. Qe5 Qf4 60. Qxf4+ gxf4 61. Ne2 Kf6 62. Nxf4 Bb7 63. Kg3 e5 64. dxe5+ Kxe5 65. Nd3+ Kd4 66. Nc5 Bc8 67. a4 Ne6 68. axb5 Nxc5 69. bxc5 axb5 70. c6 Ke3 71. Kg2 Ke2 72. c7 d4 73. Be4 d3 74. Bc6 b4 75. Bf3+ Ke1 0-1